<?xml version="1.0" encoding="UTF-8"?>
<record
    xmlns:xsi="http://www.w3.org/2001/XMLSchema-instance"
    xsi:schemaLocation="http://www.loc.gov/MARC21/slim http://www.loc.gov/standards/marcxml/schema/MARC21slim.xsd"
    xmlns="http://www.loc.gov/MARC21/slim">

  <leader>00434nam a2200169   4500</leader>
  <controlfield tag="005">20260117161038.0</controlfield>
  <controlfield tag="008">260117b        |||||||| |||| 00| 0 eng d</controlfield>
  <datafield tag="020" ind1=" " ind2=" ">
    <subfield code="a">978-0-143-10377-6</subfield>
  </datafield>
  <datafield tag="041" ind1=" " ind2=" ">
    <subfield code="a">English</subfield>
  </datafield>
  <datafield tag="082" ind1=" " ind2=" ">
    <subfield code="a">X 823.954 MUR</subfield>
    <subfield code="b">B12185</subfield>
  </datafield>
  <datafield tag="100" ind1=" " ind2=" ">
    <subfield code="a">Murty, Sudha</subfield>
    <subfield code="9">216154</subfield>
  </datafield>
  <datafield tag="245" ind1=" " ind2=" ">
    <subfield code="a">Gently Falls the Bakula</subfield>
  </datafield>
  <datafield tag="260" ind1=" " ind2=" ">
    <subfield code="a">Haryana</subfield>
    <subfield code="b">Penguin Books</subfield>
    <subfield code="c">2025</subfield>
  </datafield>
  <datafield tag="300" ind1=" " ind2=" ">
    <subfield code="a">169p</subfield>
    <subfield code="b">pb</subfield>
  </datafield>
  <datafield tag="365" ind1=" " ind2=" ">
    <subfield code="a">rupaye</subfield>
    <subfield code="b">216</subfield>
    <subfield code="c">INR</subfield>
  </datafield>
  <datafield tag="942" ind1=" " ind2=" ">
    <subfield code="c">BK</subfield>
  </datafield>
  <datafield tag="999" ind1=" " ind2=" ">
    <subfield code="c">369909</subfield>
    <subfield code="d">369909</subfield>
  </datafield>
  <datafield tag="952" ind1=" " ind2=" ">
    <subfield code="0">0</subfield>
    <subfield code="1">0</subfield>
    <subfield code="2">ddc</subfield>
    <subfield code="4">0</subfield>
    <subfield code="7">0</subfield>
    <subfield code="8">FIC</subfield>
    <subfield code="a">BTIN</subfield>
    <subfield code="b">BTIN</subfield>
    <subfield code="d">2025-12-30</subfield>
    <subfield code="e">Amazon(online) 171-1436373-4854766</subfield>
    <subfield code="g">216.00</subfield>
    <subfield code="i">HYD8-7647659</subfield>
    <subfield code="l">2</subfield>
    <subfield code="o">X 823.954 MUR B12185</subfield>
    <subfield code="p">BTIN-BK-12185</subfield>
    <subfield code="r">2026-03-11 15:43:25</subfield>
    <subfield code="s">2026-03-04</subfield>
    <subfield code="v">216.00</subfield>
    <subfield code="w">2025-12-30</subfield>
    <subfield code="y">BK</subfield>
    <subfield code="z">BTIN-BK-12185</subfield>
  </datafield>
</record>
